<?xml version="1.0" encoding="UTF-8"?>
<collection xmlns="http://www.loc.gov/MARC21/slim">
 <record>
  <leader>06175nam a2200505 a 4500</leader>
  <controlfield tag="001">kal941</controlfield>
  <controlfield tag="003">Gr-AtHEAL</controlfield>
  <controlfield tag="005">20160511081108.0</controlfield>
  <controlfield tag="006">m        d        </controlfield>
  <controlfield tag="008">160413s2015    gr      s           eng|c</controlfield>
  <datafield tag="020" ind1=" " ind2=" ">
   <subfield code="a">9789606031717</subfield>
  </datafield>
  <datafield tag="040" ind1=" " ind2=" ">
   <subfield code="a">GR-AtHEAL</subfield>
   <subfield code="b">gre</subfield>
   <subfield code="c">GR-AtHEAL</subfield>
  </datafield>
  <datafield tag="041" ind1=" " ind2=" ">
   <subfield code="a">en</subfield>
  </datafield>
  <datafield tag="082" ind1="0" ind2="4">
   <subfield code="a">820</subfield>
   <subfield code="2">23</subfield>
  </datafield>
  <datafield tag="100" ind1="1" ind2=" ">
   <subfield code="a">Κίτση-Μυτάκου, Κατερίνα.</subfield>
   <subfield code="8">2758</subfield>
  </datafield>
  <datafield tag="245" ind1="1" ind2="0">
   <subfield code="a">Κινήματα και τάσεις στην αγγλική λογοτεχνία του 19ου &amp; 20ού αιώνα</subfield>
   <subfield code="h">[Ηλεκτρονικός πόρος] </subfield>
   <subfield code="c">Κίτση-Μυτάκου, Κατερίνα ; Γιαννοπούλου, Έφη ; Καναράκης, Γιάννης ; Κριτικός αναγνώστης,Αποστόλου, Φωτεινή ; Τεχνική επιμέλεια,Πασχάλης, Αναστάσιος.</subfield>
  </datafield>
  <datafield tag="260" ind1=" " ind2=" ">
   <subfield code="a">Αθήνα :</subfield>
   <subfield code="b">Σύνδεσμος Ελληνικών Ακαδημαϊκών Βιβλιοθηκών,</subfield>
   <subfield code="c">c2015.</subfield>
  </datafield>
  <datafield tag="490" ind1=" " ind2=" ">
   <subfield code="a">Ακαδημαϊκά Ηλεκτρονικά Συγγράμματα και Βοηθήματα Κάλλιπος</subfield>
   <subfield code="8">40</subfield>
  </datafield>
  <datafield tag="505" ind1="0" ind2=" ">
   <subfield code="a">1. To Γοτθικό και οι αναβιώσεις του2. Βικτοριανές και αντι-βικτοριανές φωνές3. Εκφάνσεις του ρεαλισμού και το αγγλικό μυθιστόρημα του 19ου αιώνα4. Μοντέρνες και Μεταμοντέρνες μυθιστορίες</subfield>
  </datafield>
  <datafield tag="520" ind1=" " ind2=" ">
   <subfield code="a">Το σύγγραμμα απευθύνεται σε όλους τους φοιτητές και τις φοιτήτριες του Τμήματος Αγγλικής Γλώσσας και Φιλολογίας που μελετούν τη λογοτεχνία της Βρετανίας κατά τον 19ο, 20ό και 21ο αιώνα. Έχει ως άμεσο αποδέκτη τους φοιτητές του δεύτερου έτους οι οποίοι υποχρεούνται να παρακολουθήσουν το μάθημα κορμού: Επισκόπηση της Αγγλικής Λογοτεχνίας ΙΙ. Μπορεί επίσης να χρησιμοποιηθεί από φοιτητές των δύο τελευταίων ετών που είναι εγγεγραμμένοι σε μαθήματα που μελετούν μια από τις περιοχές τις οποίες θεραπεύει το πόνημα.Το σύγγραμμα έχει ως γενικό στόχο να παρουσιάσει τα κύρια λογοτεχνικά κινήματα που γεννήθηκαν στη Βρετανία κατά τα χρόνια της νεωτερικότητας και μετα-νεωτερικότητας. Προβάλλοντας πολλαπλά είδη γραφής (πρόζα, ποίηση και δράμα, θέατρο, φιλοσοφικά δοκίμια, πολιτική αρθρογραφία) το σύγγραμμα στοχεύει στο να τονίσει τη σχέση του λογοτεχνικού κειμένου με τον κόσμο που το περιβάλει τόσο τη στιγμή της παραγωγής όσο και της ανάγνωσής του. Συγκεκριμένα, αποσκοπεί στο να παρέχει τα εξής:→ Πληροφορίες σχετικά με το ιστορικό, πολιτικό, κοινωνικό και πολιτισμικό περιβάλλον μέσα στο οποίο γεννήθηκαν και εξελίχθηκαν σύγχρονα λογοτεχνικά και αισθητικά κινήματα στη Βρετανία → Κριτικές αναλύσεις λογοτεχνικών και πολιτισμικών κειμένων→ Θεωρίες λογοτεχνίας που δίνουν το στίγμα των κριτικών αναγνώσεων, ενθαρρύνοντας τους φοιτητές να πλησιάσουν το λογοτεχνικό κείμενο ως ιδεολογικό κατασκεύασμα εμποτισμένο με τη δυνατότητα αμφισβήτησης του λογοτεχνικού κανόνα → Συγκρίσεις ανάμεσα σε εποχές, κινήματα και συγκεκριμένα κείμενα που βοηθούν τους φοιτητές να κατανοήσουν συσχετισμούς ανάμεσα σε ιδεολογίες και μορφές αφήγησης μέσα στο χρόνο</subfield>
  </datafield>
  <datafield tag="650" ind1=" " ind2="0">
   <subfield code="a">English literature</subfield>
   <subfield code="y">English literature 19th century</subfield>
   <subfield code="8">2768</subfield>
  </datafield>
  <datafield tag="650" ind1=" " ind2="0">
   <subfield code="a">English literature</subfield>
   <subfield code="y">English literature 20th century</subfield>
   <subfield code="8">2769</subfield>
  </datafield>
  <datafield tag="653" ind1=" " ind2=" ">
   <subfield code="a">Εθνοτική ταυτότητα</subfield>
  </datafield>
  <datafield tag="653" ind1=" " ind2=" ">
   <subfield code="a">Βικτοριανή εποχή</subfield>
  </datafield>
  <datafield tag="653" ind1=" " ind2=" ">
   <subfield code="a">Ρομαντισμός</subfield>
  </datafield>
  <datafield tag="653" ind1=" " ind2=" ">
   <subfield code="a">Μεταμοντερνισμός</subfield>
  </datafield>
  <datafield tag="653" ind1=" " ind2=" ">
   <subfield code="a">Άνοδος και πτώση της αυτοκρατορίας</subfield>
  </datafield>
  <datafield tag="653" ind1=" " ind2=" ">
   <subfield code="a">Μοντερνισμός</subfield>
  </datafield>
  <datafield tag="653" ind1=" " ind2=" ">
   <subfield code="a">Ρεαλισμός</subfield>
  </datafield>
  <datafield tag="653" ind1=" " ind2=" ">
   <subfield code="a">Τέχνη της παρακμής</subfield>
  </datafield>
  <datafield tag="653" ind1=" " ind2=" ">
   <subfield code="a">Βιομηχανοποίηση</subfield>
  </datafield>
  <datafield tag="653" ind1=" " ind2=" ">
   <subfield code="a">Γυναικείο ζήτημα</subfield>
  </datafield>
  <datafield tag="653" ind1=" " ind2=" ">
   <subfield code="a">19ος-20ός αιώνας</subfield>
  </datafield>
  <datafield tag="653" ind1=" " ind2=" ">
   <subfield code="a">Βρετανική λογοτεχνία</subfield>
  </datafield>
  <datafield tag="653" ind1=" " ind2=" ">
   <subfield code="a">Τέχνες και γράμματα</subfield>
   <subfield code="a">Φιλολογία</subfield>
   <subfield code="a">Λογοτεχνία</subfield>
  </datafield>
  <datafield tag="653" ind1=" " ind2=" ">
   <subfield code="a">Τέχνες και γράμματα</subfield>
   <subfield code="a">Εικαστικές τέχνες</subfield>
  </datafield>
  <datafield tag="653" ind1=" " ind2=" ">
   <subfield code="a">Τέχνες και γράμματα</subfield>
   <subfield code="a">Τέχνες του θεάματος</subfield>
  </datafield>
  <datafield tag="700" ind1="1" ind2=" ">
   <subfield code="a">Γιαννοπούλου, Έφη</subfield>
   <subfield code="e">Συγγραφέας</subfield>
   <subfield code="8">2760</subfield>
  </datafield>
  <datafield tag="700" ind1="1" ind2=" ">
   <subfield code="a">Καναράκης, Γιάννης</subfield>
   <subfield code="e">Συγγραφέας</subfield>
   <subfield code="8">2761</subfield>
  </datafield>
  <datafield tag="700" ind1="1" ind2=" ">
   <subfield code="a">Αποστόλου, Φωτεινή</subfield>
   <subfield code="e">Κριτικός αναγνώστης</subfield>
   <subfield code="8">2762</subfield>
  </datafield>
  <datafield tag="856" ind1="4" ind2="0">
   <subfield code="u">http://hdl.handle.net/11419/941</subfield>
   <subfield code="z">Πλήρες Κείμενο - Full text</subfield>
  </datafield>
  <datafield tag="907" ind1=" " ind2=" ">
   <subfield code="a">.b25677056</subfield>
   <subfield code="b">12-06-18</subfield>
   <subfield code="c">29-07-16</subfield>
  </datafield>
  <datafield tag="949" ind1=" " ind2=" ">
   <subfield code="0">0</subfield>
   <subfield code="1">0</subfield>
   <subfield code="2">ddc</subfield>
   <subfield code="4">0</subfield>
   <subfield code="6">820_000000000000000_ΚΙΤ</subfield>
   <subfield code="7">0</subfield>
   <subfield code="8">KALL</subfield>
   <subfield code="8">463</subfield>
   <subfield code="d">2016-04-13</subfield>
   <subfield code="r">2016-04-13</subfield>
   <subfield code="w">2016-04-13</subfield>
   <subfield code="z">820 ΚΙΤ</subfield>
   <subfield code="o">SEAB KALLIPOS</subfield>
  </datafield>
  <datafield tag="998" ind1=" " ind2=" ">
   <subfield code="a">13</subfield>
   <subfield code="a">01</subfield>
   <subfield code="a">02</subfield>
   <subfield code="a">03</subfield>
   <subfield code="a">04</subfield>
   <subfield code="a">05</subfield>
   <subfield code="a">06</subfield>
   <subfield code="a">07</subfield>
   <subfield code="a">08</subfield>
   <subfield code="a">09</subfield>
   <subfield code="a">10</subfield>
   <subfield code="a">11</subfield>
   <subfield code="a">12</subfield>
   <subfield code="a">13</subfield>
   <subfield code="a">14</subfield>
   <subfield code="a">15</subfield>
   <subfield code="a">16</subfield>
   <subfield code="a">17</subfield>
   <subfield code="a">18</subfield>
   <subfield code="a">19</subfield>
   <subfield code="a">20</subfield>
   <subfield code="a">21</subfield>
   <subfield code="a">22</subfield>
   <subfield code="a">23</subfield>
   <subfield code="a">24</subfield>
   <subfield code="a">25</subfield>
   <subfield code="a">26</subfield>
   <subfield code="a">80</subfield>
   <subfield code="b">15-06-05</subfield>
   <subfield code="c">m</subfield>
   <subfield code="d">z  </subfield>
   <subfield code="e">-</subfield>
   <subfield code="f">eng</subfield>
   <subfield code="g">gr </subfield>
   <subfield code="h">0</subfield>
  </datafield>
  <datafield tag="942" ind1=" " ind2=" ">
   <subfield code="2">ddc</subfield>
   <subfield code="c">KALLIPOS</subfield>
  </datafield>
 </record>
</collection>
